Catálogo

Seguridad industrial y administración de la salud / (Registro nro. 69210)

Detalles MARC
000 -LEADER
fixed length control field 01585aam a2200361 i 4500
001 - CONTROL NUMBER
control field 69210
003 - CONTROL NUMBER IDENTIFIER
control field Mx-PuUPA
005 - DATE AND TIME OF LATEST TRANSACTION
control field 20260223133830.0
008 - FIXED-LENGTH DATA ELEMENTS--GENERAL INFORMATION
fixed length control field 201029s2010 mx a|||fr|||| 001 0 spa d
020 ## - INTERNATIONAL STANDARD BOOK NUMBER
International Standard Book Number 9786074429398
040 ## - CATALOGING SOURCE
Original cataloging agency Mx-PuUPA
Language of cataloging spa
Transcribing agency Mx-PuUPA
Modifying agency Mx-PuUPA
Description conventions rda
041 1# - LANGUAGE CODE
Language code of text/sound track or separate title spa
Language code of original eng
100 1# - MAIN ENTRY--PERSONAL NAME
9 (RLIN) 10984
Personal name Asfahl, C. Ray,
Dates associated with a name 1938-
Relator term autor
240 10 - UNIFORM TITLE
Uniform title Industrial safety and health management.
Language of a work Español
245 10 - TITLE STATEMENT
Title Seguridad industrial y administración de la salud /
Statement of responsibility, etc. C. Ray Asfahl, David W. Rieske ; traducción, Jaime Espinosa Limón
250 ## - EDITION STATEMENT
Edition statement Sexta edición
264 #4 - PRODUCTION, PUBLICATION, DISTRIBUTION, MANUFACTURE, AND COPYRIGHT NOTICE
Place of production, publication, distribution, manufacture Ciudad de México :
Name of producer, publisher, distributor, manufacturer Pearson Educación de México,
Date of production, publication, distribution, manufacture, or copyright notice 2010
300 ## - PHYSICAL DESCRIPTION
Extent xi, 564 páginas :
Other physical details ilustraciones ;
Dimensions 24 cm
336 ## - CONTENT TYPE
Fuente rdacontent
Content type term texto
Content type code txt
337 ## - MEDIA TYPE
Source rdamedia
Media type term sin medio
Media type code n
338 ## - CARRIER TYPE
Source rdacarrier
Carrier type term volumen
Carrier type code nc
650 #4 - SUBJECT ADDED ENTRY--TOPICAL TERM
Topical term or geographic name entry element Seguridad industrial
650 #4 - SUBJECT ADDED ENTRY--TOPICAL TERM
Topical term or geographic name entry element Higiene industrial
650 #4 - SUBJECT ADDED ENTRY--TOPICAL TERM
Topical term or geographic name entry element Salud ocupacional
700 1# - ADDED ENTRY--PERSONAL NAME
Personal name Rieske, David W.,
Relator term autor
700 1# - ADDED ENTRY--PERSONAL NAME
Personal name Espinosa Limón, Jaime,
Relator term traductor
765 18 - ORIGINAL LANGUAGE ENTRY
Main entry heading Asfahl, C. Ray, 1938-
Place, publisher, and date of publication Upper Saddle River, N.J. : Prentice Hall, ©2010
Title Industrial safety and health management.
International Standard Book Number 9780132368711
942 ## - ADDED ENTRY ELEMENTS (KOHA)
Source of classification or shelving scheme Dewey Decimal Classification
Koha item type Libro
Classification part 613.62
Item part A817
Existencias
Withdrawn status Lost status Source of classification or shelving scheme Damaged status Not for loan Collection code Home library Current library Shelving location Date acquired Source of acquisition Cost, normal purchase price Total Checkouts Full call number Barcode Date last seen Copy number Cost, replacement price Price effective from Koha item type
    Dewey Decimal Classification     General Biblioteca Karol Wojtyla Biblioteca Karol Wojtyla Sala general 17/08/2021 1 500.00   613.62 A817 2010 101819 05/01/2026 Ej.2 500.00 17/08/2021 Libro
    Dewey Decimal Classification     General Biblioteca Karol Wojtyla Biblioteca Karol Wojtyla Sala general 17/08/2021 1 500.00   613.62 A817 2010 101818 05/01/2026   500.00 17/08/2021 Libro